000 00366nam a2200145Ia 4500
008 230917s9999||||xx |||||||||||||| ||und||
040 _e12880
_aMAIN
041 _aEnglish
082 _a330.1543 K837E
100 _aKooros, A
245 0 _aElements of mathematical economics
260 _aBostan
_bHongthton Mifflion
_c1965
300 _axii, 413 p.
942 _cBK
999 _c125014
_d125014